00772nam a2200169Ia 4500008004100000020001800041041000800059082001800067100006800085245020400153250000600357260003000363300001200393650002900405999001900434952014900453210716s2003 xx 000 0 und d a9788184897906 aeng a004.6005 GOMA aGomez Perez, Asuncion; Lopez, Mariano Fernandez; Corcho, Oscar. aOntological engineering: with examples from the areas of knowledge management e- commerce and the semantic web.bWith examples from the areas of knowledge management e- commerce and the semantic web. a1 aNew DelhibSpringerc2003 axii,401 aWeb Design & Development c194592d194592 00102ddc40708MCAaAIMITbAIMITd2024-09-30eKnowledge Worldg895.00l0o004.6005 GOMApMCA14100r2025-07-21 00:00:00v671.25w2021-07-16yBK